The buzzard table #18 / Margaret Maron.
Available copies
- 3 of 3 copies available at LARL/NWRL Consortium. (Show)
- 2 of 2 copies available at Lake Agassiz Regional Library.
Current holds
0 current holds with 3 total copies.
View other formats and editions
Show Only Available Copies
| Location | Call Number / Copy Notes | Barcode | Shelving Location | Status | Due Date |
|---|---|---|---|---|---|
| Crookston Public Library | M MAR (Text) | 33500010898088 | Main | Available | - |
| Moorhead Public Library | M MAR (Text) | 33500010908275 | Main | Available | - |
Record details
- ISBN: 9780446555821
- ISBN: 0446555827
- Physical Description: 305 p. : geneal. table ; 24 cm.
- Edition: 1st ed.
- Publisher: New York : Grand Central Pub., 2012.
Content descriptions
| Summary, etc.: | A mysterious ornithologist staying at Mrs. ... Read More |
Search for related items by subject
| Genre: | Mystery fiction. |
Search for related items by series
| LDR | 01827cam a2200409Ia 4500 | ||
|---|---|---|---|
| 001 | 147248 | ||
| 003 | LARL_NWRL_CONSORTIUM | ||
| 005 | 20121206094158.0 | ||
| 008 | 120211s2012 nyuj 000 f eng d | ||
| 020 | . | ‡a9780446555821 | |
| 020 | . | ‡a0446555827 | |
| 035 | . | ‡a(OCoLC)776522378 | |
| 082 | 0 | 4. | ‡a813/.54 ‡223 |
| 100 | 1 | . | ‡aMaron, Margaret. ‡0(LARL_NWRL_CONSORTIUM)78713 |
| 245 | 1 | 4. | ‡aThe buzzard table ‡n#18 / ‡cMargaret Maron. |
| 250 | . | ‡a1st ed. | |
| 260 | . | ‡aNew York : ‡bGrand Central Pub., ‡c2012. | |
| 300 | . | ‡a305 p. : ‡bgeneal. table ; ‡c24 cm. | |
| 490 | 0 | . | ‡aDeborah Knott ; ‡v18 |
| 520 | . | ‡aA mysterious ornithologist staying at Mrs. Lattimore's Victorian home and doing research on Southern vultures seems familiar to Judge Deborah Knott and Sheriff's Deputy Dwight Bryant, especially after a murderer strikes. | |
| 650 | 0. | ‡aKnott, Deborah (Fictitious character) ‡vFiction. ‡0(LARL_NWRL_CONSORTIUM)169838 | |
| 650 | 0. | ‡aHarald, Sigrid (Fictitious character) ‡vFiction. | |
| 650 | 0. | ‡aWomen judges ‡vFiction. ‡0(LARL_NWRL_CONSORTIUM)167912 | |
| 650 | 0. | ‡aOrnithologists ‡vFiction. ‡0(LARL_NWRL_CONSORTIUM)173854 | |
| 650 | 0. | ‡aMurder ‡vFiction. ‡0(LARL_NWRL_CONSORTIUM)165989 | |
| 651 | 0. | ‡aNorth Carolina ‡vFiction. ‡0(LARL_NWRL_CONSORTIUM)166409 | |
| 655 | 7. | ‡aMystery fiction. ‡2gsafd | |
| 901 | . | ‡a147248 ‡bOCLC ‡c147248 ‡tbiblio | |

Add to basket
Permalink
Disable Highlighting